LEADER 01491nam2-2200457---450- 001 990003180360203316 005 20081203132614.0 010 $a978-88-15-10723-2 035 $a000318036 035 $aUSA01000318036 035 $a(ALEPH)000318036USA01 035 $a000318036 100 $a20081203d2006----km|y0itay0103----ba 101 1 $aita$ceng 102 $aIT 105 $aa|||||||001yy 200 1 $a<<2 :>> <> passo in pił$fOlivier Blanchard$gedizione italiana a cura di Francesco Giavazzi e Alessia Amighini 205 $a2. ed. italiana$fa cura di Francesco Giavazzi e Alessia Amighini 210 $aBologna$cIl Mulino$d2006 215 $a484 p.$cill.$d24 cm 225 2 $aManuali$iEconomia 410 0$12001$aManuali 454 1$12001$aMacroeconomics$914795 461 1$1001000318029$12001$aScoprire la macroeconomia 606 0 $aMacroeconomia$xManuali 676 $a339 700 1$aBLANCHARD,$bOlivier$0133011 702 1$aGIAVAZZI,$bFrancesco 702 1$aAMIGHINI,$bAlessia 801 0$aIT$bsalbc$gISBD 912 $a990003180360203316 951 $a339 BLA 1/2$b61985 G.$c339 BLA$d00167243 951 $a339 BLA 1/2a$b61986 G.$c339 BLA$d00167253 951 $a339 BLA 1/2b$b61987 G.$c339 BLA$d00167258 959 $aBK 969 $aECO 979 $aCHIARA$b90$c20081203$lUSA01$h1323 979 $aCHIARA$b90$c20081203$lUSA01$h1324 979 $aCHIARA$b90$c20081203$lUSA01$h1326 996 $aMacroeconomics$914795 997 $aUNISA LEADER 02598nam 2200601 450 001 9910788647503321 005 20220902074226.0 010 $a0-8218-7782-8 035 $a(CKB)3240000000069720 035 $a(EBL)3113051 035 $a(SSID)ssj0000629437 035 $a(PQKBManifestationID)11377382 035 $a(PQKBTitleCode)TC0000629437 035 $a(PQKBWorkID)10719471 035 $a(PQKB)10493170 035 $a(MiAaPQ)EBC3113051 035 $a(RPAM)1144472 035 $a(PPN)197105173 035 $a(EXLCZ)993240000000069720 100 $a19950712h19951995 uy| 0 101 0 $aeng 135 $aur|n|---||||| 181 $ctxt 182 $cc 183 $acr 200 00$aRepresentation theory and harmonic analysis $ea conference in honor of Ray A. Kunze, January 12-14, 1994, Cincinnati, Ohio /$fTuong Ton-That, coordinating editor ; Kenneth I. Gross, Donald St. P. Richards, Paul J. Sally, Jr., editors 210 1$aProvidence, Rhode Island :$cAmerican Mathematical Society,$d[1995] 210 4$d©1995 215 $a1 online resource (270 p.) 225 1 $aContemporary mathematics,$x0271-4132 ;$v191$x0271-4132 300 $aDescription based upon print version of record. 311 $a0-8218-0310-7 320 $aIncludes bibliographical references. 327 $aInversion of an Integral Transform and Ladder Representations of U(1,q) -- Fourier Inversion in Several Variables " A New Look at an Old Problem -- Total Positivity, Harmonic Analysis and Random Walks on Weyl Chambers -- Covariant Differential Operators and Derived Functor Modules -- Dual Representations and Invariant Theory -- On the Barish-Chandra Homomorphism of Invariant Differential Operators on a Reductive Lie Algebra -- Spectral Zeta Series of Rank 1 Space Forms. 410 0$aContemporary mathematics (American Mathematical Society).$v191$x0271-4132 606 $aRepresentations of groups$vCongresses 606 $aHarmonic analysis$vCongresses 615 0$aRepresentations of groups 615 0$aHarmonic analysis 676 $a515/.785 702 $aKunze$b Ray Alden$f1928- 702 $aTon-That$b Tuong$f1943- 702 $aGross$b Kenneth I. 702 $aRichards$b Donald St. P. 702 $aSally$b Paul J.$cJr., 712 12$aAMS Special Session on Representation Theory and Harmonic Analysis$f(1994 :$eCincinnati, Ohio), 801 0$bMiAaPQ 801 1$bMiAaPQ 801 2$bMiAaPQ 906 $aBOOK 912 $a9910788647503321 996 $aRepresentation theory and harmonic analysis$9375822 997 $aUNINA